[Event "3. Open Bohumin 2020"]
[Site "Bohumin"]
[Date "2020.07.20"]
[Round "3.20"]
[White "Delgerdalai, Bayarjavkhlan"]
[Black "Kersten, Julian"]
[Result "0-1"]
[WhiteElo "1626"]
[BlackElo "2005"]
[Annotator "TA"]
[PlyCount "106"]
[EventDate "2020.07.18"]
[EventType "swiss"]
[EventCountry "CZE"]
[SourceTitle "playchess.com"]
[Source "ChessBase"]
[SourceQuality "1"]

{[%evp 9,106,8,9,-21,14,12,16,12,36,2,43,48,51,37,57,55,64,70,42,39,64,33,44,25,41,18,19,26,45,-28,-14,-28,-23,-60,-47,-56,-43,-81,-88,-83,-88,-60,-56,-124,-123,-142,-145,-146,-146,-159,-156,-156,-156,-156,-156,-157,-93,-188,-178,-208,-119,-177,-126,-126,-92,-181,-154,-154,-124,-260,-262,-411,-422,-577,-608,-744,-507,-612,-612,-608,-608,-574,-594,-525,-488,-525,-512,-510,-532,-525,-493,-581,-572,-648,-594,-627,-534,-517,-509]} 1. e4 e6 2. d3 d5 3. Nd2 Nf6 4. Ngf3 Bc5 5. e5 Nfd7 $1 6. g3 {C00: French: Unusual White 2nd moves.} Nc6 7. Nb3 Be7 8. d4 {[#] The position is equal.} O-O $146 ({Predecessor:} 8... a5 9. Be3 b6 10. Bh3 a4 11. Nc1 Ba6 12. c3 Bb5 13. Ne2 Nf8 14. O-O Na5 15. Ne1 h5 {½-½ (31) Granda Zuniga,J (2685)-Matsenko,S (2525) Sitges 2015}) 9. Bg2 f6 10. exf6 Nxf6 11. O-O Ne4 12. Re1 (12. c3 {is interesting.} b6 13. Re1 Qe8 14. a4 Bd7 15. Nbd2) 12... Bd6 13. Nbd2 Nxd2 14. Bxd2 Qf6 15. Bc3 Bd7 16. Qe2 Rad8 17. Ne5 Bxe5 18. dxe5 Qf5 19. g4 (19. f4 $14) 19... Qf4 $11 20. Rad1 Rf7 21. f3 Rdf8 22. b3 h5 23. Bd2 Nd4 24. Bxf4 Nxe2+ 25. Rxe2 Rxf4 26. h3 (26. gxh5 $15 c5 27. c4) 26... c5 $17 27. c3 h4 28. Kf2 Bc6 29. Re3 Kf7 30. Bf1 Ke7 31. Be2 b5 32. a3 Rb8 (32... g5 $142 33. Red3 Be8) 33. b4 (33. Red3 $17 {was necessary.}) 33... c4 $19 34. Rd2 {[#]} Rd8 (34... a5 $1 $19 {[%mdl 512]} 35. Bd1 (35. bxa5 g5) 35... Ra8) 35. Rd4 (35. Bd1 $17) 35... Rxd4 (35... g5 $19 36. Bd1 {[#]} a5 $1 {[%mdl 512]}) 36. cxd4 {[%mdl 4096] Endgame [#] KRB-KRB} a5 $1 {[%mdl 512]} 37. Bd1 (37. bxa5 $17 Ra8 38. f4) 37... axb4 38. axb4 Ra8 39. Re2 {This costs White the game.} (39. f4 $17 {was called for.}) 39... Ra1 40. Ke1 (40. Bc2 $142) 40... Be8 41. Rb2 {Black is clearly winning.} Bg6 {Strongly threatening ...c3.} 42. Kd2 Ra3 {( -> ...c3+)} 43. Ke2 c3 44. Rb3 Ra2+ 45. Ke3 c2 46. Bxc2 Rxc2 {KRB-KR} 47. Kf4 Rd2 48. Kg5 Be8 49. Kxh4 Rxd4 50. Kg5 Rc4 51. f4 d4 52. f5 exf5 53. gxf5 Rc3 {Accuracy: White = 48%, Black = 77%.} 0-1

[Event "3. Open Bohumin 2020"]
[Site "Bohumin"]
[Date "2020.07.21"]
[Round "4.1"]
[White "Galuszka, Tomasz"]
[Black "Kriebel, Tadeas"]
[Result "0-1"]
[WhiteElo "2255"]
[BlackElo "2515"]
[Annotator "TA"]
[PlyCount "116"]
[EventDate "2020.07.18"]
[EventType "swiss"]
[EventCountry "CZE"]
[SourceTitle "playchess.com"]
[Source "ChessBase"]
[SourceQuality "1"]

{[%evp 13,116,10,57,27,37,35,34,36,50,43,52,54,64,43,31,27,45,0,0,-11,-11,-10,0,0,0,0,0,-43,-62,-44,-20,-30,0,0,-12,-14,0,-52,-41,-40,-39,-91,-94,-85,-85,-110,-116,-113,-116,-110,-109,-97,-105,-137,-136,-179,-180,-159,-11,-12,-11,-27,-12,-34,-10,-9,-10,-32,-32,-200,-50,-51,-68,-83,-70,-99,0,-29971,-4,-4,-4,-4,-4,-4,-4,-4,0,0,0,0,0,0,0,0,0,0,0,0,0,0,-13,-29987,-29988,-29990,-4134]} 1. e4 c5 2. Nf3 e6 3. d4 cxd4 4. Nxd4 Nc6 5. Nc3 Qc7 6. g3 a6 7. Bg2 h5 8. h3 {B47: Sicilian: Taimanov: 5 Nc3 Qc7 6 f4, 6 g3 and 6 Be2.} h4 9. g4 Nge7 10. Nde2 {White is slightly better.} Ng6 11. Be3 {[#]} Na5 $146 ({Predecessor:} 11... Nce5 12. b3 Ba3 13. f4 Nc6 14. e5 d5 15. exd6 Bxd6 16. Bb6 Qxb6 17. Qxd6 Bd7 {½-½ (32) Lopez Silva,H (2403)-Torres Bravo,C (2314) Iquique 2013}) 12. b3 b5 13. O-O Bb7 14. a3 Rc8 15. Qd4 Bd6 16. Qd2 Be5 {[%cal Re5c3]} 17. Bd4 Bxd4 18. Qxd4 O-O 19. Rad1 Rfd8 20. Qd6 (20. Qe3 {is interesting.} Nf4 21. Nxf4 Qxc3 22. Rd3 Qe5 23. Rd2) 20... Qxd6 21. Rxd6 e5 22. Rfd1 Rc7 23. R1d2 Kf8 24. Nd1 Nf4 25. f3 (25. Ne3 $11) 25... Nxe2+ $15 26. Rxe2 Ke7 27. Rdd2 (27. Rb6 $15) 27... Nc6 $17 28. Ne3 Nd4 29. Nf5+ Nxf5 30. exf5 f6 31. f4 Bxg2 32. Kxg2 {[%mdl 4096] Endgame KRR-KRR} d6 33. Rd3 Rdc8 34. Red2 Rxc2 35. Rxd6 Rxd2+ (35... exf4 $17 36. Rd7+ Ke8) 36. Rxd2 $19 {KR-KR} Rc3 37. fxe5 {Threatening e6.} fxe5 38. Rd5 $1 Kf6 {And now ...Rg3+ would win.} 39. Rd6+ Kg5 40. Rg6+ Kf4 41. f6 $2 ({White should try} 41. Rxg7 $15 Rg3+ 42. Kf2) 41... gxf6 ({Avoid the trap} 41... Rxb3 $2 42. fxg7 Rb2+ 43. Kf1 $18) ({Black should play} 41... Rc2+ $19 42. Kf1 Kf3) 42. Rxf6+ $15 Ke4 43. Rxa6 Rxb3 44. a4 {[#]} bxa4 (44... b4 $1 $17 45. Rb6 Kd4) 45. Kg1 $2 {[%mdl 8192]} (45. Rxa4+ $11 Ke3 46. g5) 45... Rb2 $2 (45... a3 {mates} 46. Ra4+ Kf3 47. g5 e4 48. Ra8 Rb1+ 49. Kh2 Rb2+ 50. Kg1 a2 51. g6 Rb1+ 52. Kh2 a1=Q 53. Rxa1 Rxa1 54. g7 Ra8 55. Kg1 e3 56. Kh1 e2 57. g8=Q Rxg8 58. Kh2 Rg2+ 59. Kh1 e1=Q#) 46. Rxa4+ $11 Kf3 {Threatens to win with ...Rg2+.} 47. Ra3+ Kf4 48. Kf1 e4 49. Rc3 e3 {White must now prevent ...Kf3.} 50. Rc8 Kg3 (50... Rf2+ {with more complications.} 51. Ke1 Rg2 52. Kf1 Rg3 53. Rf8+ Kg5) 51. Re8 Rb1+ 52. Ke2 Kxh3 53. g5 Rb4 {aiming for ...Kg2.} 54. Kf3 $1 Rg4 55. Rxe3 Rxg5 56. Kf2+ Rg3 {( -> ...Rxe3)} 57. Rxg3+ $2 {[%mdl 8192] [#]} (57. Re1 $11) 57... hxg3+ 58. Kg1 g2 {Accuracy: White = 65%, Black = 81%.} 0-1

[Event "3. Open Bohumin 2020"]
[Site "Bohumin"]
[Date "2020.07.21"]
[Round "4.2"]
[White "Pulpan, Jakub"]
[Black "Michenka, Jozef"]
[Result "1-0"]
[WhiteElo "2407"]
[BlackElo "2299"]
[Annotator "ChessBase"]
[PlyCount "53"]
[EventDate "2020.07.18"]
[EventType "swiss"]
[EventCountry "CZE"]
[SourceTitle "playchess.com"]
[Source "ChessBase"]
[SourceQuality "1"]
[TimeControl "40/5400+30:900+30"]

1. e4 {[%emt 0:00:00]} e6 {[%emt 0:00:02]} 2. d4 {[%emt 0:02:30]} d5 {[%emt 0:00:23]} 3. Nd2 {[%emt 0:00:21]} c5 {[%emt 0:00:09]} 4. Ngf3 {[%emt 0:01:00]} Nc6 {[%emt 0:02:09]} 5. exd5 {[%emt 0:01:24]} exd5 {[%emt 0:00:08]} 6. Bb5 {[%emt 0:01:30]} Bd6 {[%emt 0:00:07]} 7. dxc5 {[%emt 0:01:29]} Bxc5 {[%emt 0:00:06]} 8. O-O {[%emt 0:03:58]} Nge7 {[%emt 0:00:14]} 9. Nb3 {[%emt 0:04:38]} Bd6 {[%emt 0:00:06]} 10. Nbd4 {[%emt 0:03:39]} O-O {[%emt 0:00:21]} 11. c3 {[%emt 0:01:48]} Bg4 {[%emt 0:02:09]} 12. Be2 {[%emt 0:01:30]} a6 {[%emt 0:01:58]} 13. Bg5 {[%emt 0:04:06]} Qc7 {[%emt 0:02:09]} 14. h3 {[%emt 0:00:48]} Bh5 {[%emt 0:00:24]} 15. Qd2 {[%emt 0:01:15]} Rfe8 {[%emt 0:15:14]} 16. Rfe1 {[%emt 0:00:22]} f6 {[%emt 0:01:46]} 17. Ne6 {[%emt 0:24:17]} Qd7 {[%emt 0:00:40]} 18. Nxg7 {[%emt 0:00:13]} Kxg7 {[%emt 0:01:43]} 19. Bxf6+ {[%emt 0:00:13]} Kxf6 {[%emt 0:05:38]} 20. Qg5+ {[%emt 0:00:13]} Kf7 {[%emt 0:00:32]} 21. Qxh5+ {[%emt 0:00:21]} Kg8 {[%emt 0:00:53]} 22. Bd3 {[%emt 0:01:06]} Ng6 {[%emt 0:02:10]} 23. Bxg6 {[%emt 0:00:28]} hxg6 {[%emt 0:00:07]} 24. Qxg6+ {[%emt 0:00:09]} Kh8 {[%emt 0:03:12]} 25. Ng5 {[%emt 0:00:57]} Rf8 {[%emt 0:00:07]} 26. Qh6+ {[%emt 0:00:41]} Kg8 {[%emt 0:00:03]} 27. Re6 {[%emt 0:00:11]} 1-0

[Event "3. Open Bohumin 2020"]
[Site "Bohumin"]
[Date "2020.07.21"]
[Round "4.3"]
[White "Goluch, Piotr"]
[Black "Kucza, Karol"]
[Result "0-1"]
[WhiteElo "2376"]
[BlackElo "2245"]
[Annotator "TA"]
[PlyCount "96"]
[EventDate "2020.07.18"]
[EventType "swiss"]
[EventCountry "CZE"]
[SourceTitle "playchess.com"]
[Source "ChessBase"]
[SourceQuality "1"]

{[%evp 13,96,10,9,0,2,-3,-10,-8,-8,0,-5,-16,0,0,-8,-97,-51,-49,-50,-31,-39,-56,-34,-40,-14,-12,-16,-31,-29,-55,-48,-82,-46,-46,-45,-87,-81,-87,-88,-69,0,0,-1,-90,-90,-85,-77,-85,-14,-16,-14,-41,-9,-64,-67,-72,0,-85,0,-134,0,-266,-270,-242,-211,-1595,-1596,-1485,-1418,-1217,-1149,-29989,-29990,-29990,-29991,-29991,-29992,-29992,-29993,-29994,-29995,-29995,-29996,-29996,-29997]} 1. Nf3 d5 2. g3 Nf6 3. Bg2 c6 4. O-O Bg4 5. c4 e6 6. cxd5 Bxf3 $1 {[%mdl 4] now scores much better than the old 6...exd5.} 7. Bxf3 cxd5 8. Qb3 {A11: English Opening: 1...c6.} Qd7 9. d3 Nc6 {[%cal Bb8c6,Bc6a5,Ba5b7,Bb7c5,Bc5e4][%mdl 32]} 10. Bg2 {The position is equal.} Be7 {[#]} 11. Be3 $146 ({Predecessor:} 11. Nc3 O-O 12. Bd2 Rac8 13. Rfc1 a6 14. a3 b5 15. Na2 Rc7 16. Qd1 Rfc8 17. Nb4 Nxb4 18. Rxc7 Rxc7 19. axb4 {½-½ (28) Rozum,I (2601)-Grachev,B (2650) Moscow 2017}) 11... O-O 12. h3 Rfc8 13. Rc1 h6 14. f4 (14. Qd1 $11) 14... Na5 15. Qd1 Rxc1 16. Qxc1 Rc8 17. Qd2 b6 18. Bf2 Nb7 19. Nc3 Bc5 20. Bxc5 Nxc5 21. d4 Nce4 22. Nxe4 Nxe4 23. Bxe4 dxe4 $15 {[%mdl 4096] Endgame KQR-KQR} 24. Rd1 Qd5 25. b3 a5 26. Kf2 {[#]} a4 $1 {[%mdl 512]} 27. bxa4 $11 Rc4 28. a3 (28. Qe3 $11 {keeps the balance.}) 28... Rxa4 $17 29. Qe3 f5 30. Rc1 Rxd4 (30... Kh7 $17) 31. Rc7 $11 e5 32. fxe5 {Hoping for e6!} Qxe5 33. Qb3+ (33. Qc3 $11) 33... Kh7 $1 $15 34. Rc8 f4 (34... Rd5 $17 {Strongly threatening ...f4.} 35. Qc3 Qe7) 35. Qg8+ $1 $11 Kg6 36. Rc6+ (36. Re8 $1 $11 fxg3+ 37. Kg2) 36... Kg5 ({Black should play} 36... Rd6 $17 37. Rxd6+ Qxd6 38. Qe8+ Kg5 39. Qb5+ Kf6 40. Qb2+ Kg6 41. gxf4 Qxf4+ 42. Ke1 Qg3+ 43. Kd2 Qd6+ 44. Ke1 Qc5) 37. gxf4+ $2 {[%mdl 8192]} (37. Re6 $11 {and White is okay.} e3+ 38. Kg2 Qd5+ 39. Kh2) 37... Qxf4+ $19 38. Kg2 {[#]} Rd7 $1 39. Rxb6 $2 {[#]} (39. Qe6 Rf7 40. Qg4+ Qxg4+ 41. hxg4) 39... Rf7 $1 ({Weaker is} 39... e3 40. Rb5+ Kg6 41. Qe6+ Kh7 42. Rf5 $11 (42. Qxd7 Qf2+ {[%mdl 64] Double Attack} 43. Kh1 Qe1+ 44. Kh2 Qf2+ 45. Kh1 Qe1+ 46. Kh2 Qf2+ 47. Kh1 $11)) 40. Qd8+ Kh5 {( -> ...Qf1+)} 41. Rb1 Rf5 {Threatens to win with ...Rg5+.} 42. Qe8+ Kh4 {Black mates.} 43. Kh1 {[#]} Qe3 $1 {[%mdl 512]} 44. Qe7+ Rg5 {[%cal Re3h3]} 45. Qd6 Rg3 46. Rf1 Rxh3+ 47. Kg2 Qxe2+ 48. Kg1 Rg3+ {Accuracy: White = 64%, Black = 77%.} 0-1

[Event "3. Open Bohumin 2020"]
[Site "Bohumin"]
[Date "2020.07.21"]
[Round "4.4"]
[White "Nytra, Ondrej"]
[Black "Molenda, Marcin"]
[Result "0-1"]
[WhiteElo "2112"]
[BlackElo "2363"]
[Annotator "ChessBase"]
[PlyCount "46"]
[EventDate "2020.07.18"]
[EventType "swiss"]
[EventCountry "CZE"]
[SourceTitle "playchess.com"]
[Source "ChessBase"]
[SourceQuality "1"]
[TimeControl "40/5400+30:900+30"]

1. e4 {[%emt 0:00:00]} c5 {[%emt 0:00:00]} 2. Nf3 {[%emt 0:00:00]} e6 {[%emt 0:00:00]} 3. d4 {[%emt 0:00:00]} cxd4 {[%emt 0:00:00]} 4. Nxd4 {[%emt 0:00:00]} a6 {[%emt 0:00:00]} 5. Nc3 {[%emt 0:00:00]} b5 {[%emt 0:00:00]} 6. a3 {[%emt 0:01:27]} Bb7 {[%emt 0:00:13]} 7. Be2 {[%emt 0:02:47]} Qc7 {[%emt 0:01:17]} 8. O-O {[%emt 0:05:26]} Nf6 {[%emt 0:01:37]} 9. Bf3 {[%emt 0:00:17]} d6 {[%emt 0:03:01]} 10. Bg5 {[%emt 0:03:29]} Nbd7 {[%emt 0:00:53]} 11. Re1 {[%emt 0:03:30]} Be7 {[%emt 0:02:29]} 12. g3 {[%emt 0:03:05]} O-O {[%emt 0:02:22]} 13. Qe2 {[%emt 0:01:27]} Ne5 {[%emt 0:03:12]} 14. Bg2 {[%emt 0:00:18]} Nc4 {[%emt 0:02:27]} 15. Ndxb5 {[%emt 0:27:07]} axb5 {[%emt 0:01:17]} 16. Nxb5 {[%emt 0:00:04]} Qc5 {[%emt 0:19:25]} 17. e5 {[%emt 0:02:17]} Bxg2 {[%emt 0:01:51]} 18. exf6 {[%emt 0:02:30]} gxf6 {[%emt 0:28:46]} 19. Bh6 {[%emt 0:00:59]} Bh3 {[%emt 0:00:17]} 20. Bxf8 {[%emt 0:05:33]} Rxf8 {[%emt 0:00:42]} 21. a4 {[%emt 0:01:29]} Ne5 {[%emt 0:02:15]} 22. Reb1 {[%emt 0:01:00]} Qd5 {[%emt 0:01:26]} 23. f4 {[%emt 0:00:47]} Qc5+ {[%emt 0:04:02]} 0-1

[Event "3. Open Bohumin 2020"]
[Site "Bohumin"]
[Date "2020.07.21"]
[Round "4.5"]
[White "Niedbala, Bartlomiej"]
[Black "Weinzettl, Ernst"]
[Result "1/2-1/2"]
[WhiteElo "2379"]
[BlackElo "2166"]
[Annotator "ChessBase"]
[PlyCount "65"]
[EventDate "2020.07.18"]
[EventType "swiss"]
[EventCountry "CZE"]
[SourceTitle "playchess.com"]
[Source "ChessBase"]
[SourceQuality "1"]
[TimeControl "40/5400+30:900+30"]

1. d4 {[%emt 0:00:00]} Nf6 {[%emt 0:00:00]} 2. c4 {[%emt 0:00:00]} g6 {[%emt 0:00:00]} 3. Nc3 {[%emt 0:00:00]} Bg7 {[%emt 0:00:02]} 4. e4 {[%emt 0:00:00]} d6 {[%emt 0:00:12]} 5. Be2 {[%emt 0:00:01]} O-O {[%emt 0:00:16]} 6. Be3 {[%emt 0:00:03]} e5 {[%emt 0:00:23]} 7. d5 {[%emt 0:00:05]} Na6 {[%emt 0:00:21]} 8. g4 {[%emt 0:00:04]} Nc5 {[%emt 0:00:15]} 9. f3 {[%emt 0:00:10]} h5 {[%emt 0:00:44]} 10. g5 {[%emt 0:01:02]} Nh7 {[%emt 0:00:15]} 11. h4 {[%emt 0:00:13]} f6 {[%emt 0:00:13]} 12. gxf6 {[%emt 0:00:23]} Bxf6 {[%emt 0:00:12]} 13. Bf2 {[%emt 0:00:02]} Be7 {[%emt 0:00:14]} 14. Kd2 {[%emt 0:00:04]} c6 {[%emt 0:06:20]} 15. Kc2 {[%emt 0:31:28]} cxd5 {[%emt 0:24:02]} 16. cxd5 {[%emt 0:06:43]} Qc7 {[%emt 0:10:55]} 17. Qe1 {[%emt 0:13:57]} Bd7 {[%emt 0:02:39]} 18. Rc1 {[%emt 0:01:28]} b5 {[%emt 0:14:16]} 19. Kb1 {[%emt 0:00:42]} b4 {[%emt 0:02:41]} 20. Nd1 {[%emt 0:01:28]} Rab8 {[%emt 0:07:05]} 21. Qf1 {[%emt 0:16:44]} Qa5 {[%emt 0:02:56]} 22. Bxc5 {[%emt 0:01:55]} dxc5 {[%emt 0:00:09]} 23. Ne3 {[%emt 0:00:55]} Rf4 {[%emt 0:09:48]} 24. Qg2 {[%emt 0:03:43]} Nf8 {[%emt 0:04:51]} 25. Bc4 {[%emt 0:09:40]} Kh7 {[%emt 0:01:45]} 26. Qg3 {[%emt 0:02:16]} Qd8 {[%emt 0:01:45]} 27. Ng2 {[%emt 0:00:39]} Bd6 {[%emt 0:00:48]} 28. Nh3 {[%emt 0:04:28]} Bxh3 {[%emt 0:01:30]} 29. Rxh3 {[%emt 0:00:13]} Nd7 {[%emt 0:00:39]} 30. Rg1 {[%emt 0:00:54]} Qf6 {[%emt 0:02:20]} 31. Ne3 {[%emt 0:03:42]} Nb6 {[%emt 0:02:57]} 32. Qg2 {[%emt 0:01:15]} Rg8 {[%emt 0:01:31]} 33. Qg3 {[%emt 0:01:22]} 1/2-1/2

[Event "3. Open Bohumin 2020"]
[Site "Bohumin"]
[Date "2020.07.21"]
[Round "4.6"]
[White "Neumann, Filip"]
[Black "Czerwonski, Aleksander"]
[Result "0-1"]
[WhiteElo "2042"]
[BlackElo "2362"]
[Annotator "ChessBase"]
[PlyCount "62"]
[EventDate "2020.07.18"]
[EventType "swiss"]
[EventCountry "CZE"]
[SourceTitle "playchess.com"]
[Source "ChessBase"]
[SourceQuality "1"]
[TimeControl "40/5400+30:900+30"]

1. e4 {[%emt 0:00:00]} d6 {[%emt 0:00:00]} 2. d4 {[%emt 0:00:00]} Nf6 {[%emt 0:00:00]} 3. Nc3 {[%emt 0:00:00]} g6 {[%emt 0:00:00]} 4. Bf4 {[%emt 0:00:25]} Nc6 {[%emt 0:07:24]} 5. Qd2 {[%emt 0:00:54]} Bg7 {[%emt 0:07:47]} 6. O-O-O {[%emt 0:01:11]} O-O {[%emt 0:03:55]} 7. Nf3 {[%emt 0:00:13]} Bg4 {[%emt 0:01:31]} 8. Qe3 {[%emt 0:02:23]} Nh5 {[%emt 0:05:16]} 9. Bh6 {[%emt 0:11:43]} Bxf3 {[%emt 0:01:07]} 10. gxf3 {[%emt 0:00:27]} e6 {[%emt 0:10:46]} 11. Bxg7 {[%emt 0:01:38]} Kxg7 {[%emt 0:00:11]} 12. f4 {[%emt 0:04:30]} Qh4 {[%emt 0:03:45]} 13. Ne2 {[%emt 0:04:31]} d5 {[%emt 0:14:06]} 14. e5 {[%emt 0:07:11]} f6 {[%emt 0:04:59]} 15. Qh3 {[%emt 0:08:55]} Qxh3 {[%emt 0:01:01]} 16. Bxh3 {[%emt 0:00:22]} fxe5 {[%emt 0:07:54]} 17. Bxe6 {[%emt 0:00:38]} Nxd4 {[%emt 0:14:03]} 18. Nxd4 {[%emt 0:01:35]} exd4 {[%emt 0:00:37]} 19. Bxd5 {[%emt 0:01:07]} c6 {[%emt 0:00:48]} 20. Bf3 {[%emt 0:00:54]} Rxf4 {[%emt 0:01:17]} 21. Bxh5 {[%emt 0:00:06]} gxh5 {[%emt 0:00:02]} 22. Rhg1+ {[%emt 0:01:27]} Kf6 {[%emt 0:01:35]} 23. Rg2 {[%emt 0:00:50]} Re8 {[%emt 0:00:25]} 24. Kd2 {[%emt 0:02:38]} c5 {[%emt 0:01:52]} 25. Re1 {[%emt 0:01:24]} Rxe1 {[%emt 0:00:28]} 26. Kxe1 {[%emt 0:00:02]} Rg4 {[%emt 0:00:27]} 27. Rg3 {[%emt 0:01:59]} Rxg3 {[%emt 0:00:07]} 28. hxg3 {[%emt 0:00:11]} Kg5 {[%emt 0:00:21]} 29. Ke2 {[%emt 0:02:25]} h4 {[%emt 0:00:41]} 30. Kf3 {[%emt 0:00:11]} h3 {[%emt 0:01:06]} 31. a4 {[%emt 0:00:06]} c4 {[%emt 0:00:42]} 0-1

[Event "3. Open Bohumin 2020"]
[Site "Bohumin"]
[Date "2020.07.21"]
[Round "4.7"]
[White "Horvath, Tomas"]
[Black "Fargac, Martin"]
[Result "1/2-1/2"]
[WhiteElo "2027"]
[BlackElo "2306"]
[Annotator "TA"]
[PlyCount "180"]
[EventDate "2020.07.18"]
[EventType "swiss"]
[EventCountry "CZE"]
[SourceTitle "playchess.com"]
[Source "ChessBase"]
[SourceQuality "1"]

{[%evp 9,180,0,9,0,0,-9,-11,-14,-7,-16,-9,-14,-8,-14,-17,-12,2,-29,0,0,6,0,0,0,7,0,0,0,0,0,0,0,0,0,0,0,0,0,0,0,0,0,0,0,0,0,0,0,0,0,0,0,0,0,0,0,0,-8,-8,-8,0,0,0,0,0,0,0,0,0,0,0,0,0,0,0,0,0,0,0,0,0,0,80,0,0,0,0,0,0,0,0,0,0,0,0,0,0,0,0,0,0,0,0,0,0,0,0,0,0,0,0,0,0,0,0,-3178,-1085,-2767,-2812,-1223,0,-380,-16,-604,-443,-2583,-2696,-1808,-866,-1479,-5057,-5781,-5731,-4742,-1843,-5057,-4602,-2749,-2027,-1513,-1358,-29974,-29975,-29977,-29976,-29977,-1308,-1300,0,0,0,-1184,-1177,-923,0,-993,0,0,0,0,0,0,0,0,0,0,0,0,0,0,0,0,0]} 1. Nf3 d5 2. c4 e6 3. e3 Nf6 4. Nc3 Be7 5. b3 O-O 6. Be2 {A17: English Opening: 1...Nf6 with ...Bb4.} c5 7. d4 cxd4 8. Nxd4 dxc4 9. Bxc4 {[#]} e5 $146 ({Predecessor:} 9... a6 10. O-O b5 11. Be2 Bb7 12. Bb2 Qb6 13. a4 b4 14. Na2 Rd8 15. Bf3 Nc6 {0-1 (40) Zuk,K-Mueller,M Poland 1992}) 10. Nf3 $1 Qxd1+ 11. Nxd1 Nc6 12. Bb2 Bb4+ 13. Bc3 Bxc3+ (13... Bd6 {is more complex.} 14. Bb2 a6 15. Rc1 Bf5 16. O-O Rfd8) 14. Nxc3 e4 15. Nd2 Bf5 16. O-O Rfd8 17. Rfd1 Kf8 18. Be2 Ke7 19. h3 h5 20. g4 hxg4 21. hxg4 Bxg4 22. Bxg4 Nxg4 23. Ndxe4 Nf6 24. Kg2 Rac8 25. Nxf6 Kxf6 26. Ne4+ Ke7 27. Rac1 Rxd1 28. Rxd1 Rd8 29. Rxd8 Nxd8 $11 {[%mdl 4096] Endgame KN-KN} 30. Kf3 Nc6 31. Nc5 b6 32. Nd3 Ke6 33. Kf4 Kd5 34. Kf5 a5 35. Nf4+ Kd6 36. Nd3 b5 37. Ke4 f6 38. Kf5 Ne7+ 39. Ke4 g6 40. Kd4 Nc6+ 41. Ke4 Nb4 42. Nxb4 axb4 {KP-KP} 43. Kd4 g5 44. Ke4 Ke6 45. Kd4 Kf5 (45... Kd6 $11 {remains equal.}) 46. Kc5 ({Better is} 46. Kd5 $1 $16) 46... Ke4 47. Kxb4 {And now a4 would win.} Kf3 48. Kxb5 Kxf2 {K3P-KPP} (48... g4 $5 49. a4 $8 Kxf2 $11) 49. a4 g4 {...g3 is the strong threat.} 50. a5 g3 {aiming for ...g2.} 51. a6 g2 52. a7 g1=Q 53. a8=Q {KQ-KQ} Qf1+ 54. Kb4 Qe1+ 55. Kc4 Qc1+ 56. Kb4 Qd2+ 57. Kc4 Qc2+ 58. Kb4 f5 59. Qd5 Kxe3 60. Ka5 $1 f4 61. b4 f3 {White must now prevent ...f2.} 62. Qe5+ $2 {[%mdl 8192]} (62. Qg5+ $11 Ke2 63. Qe5+ Kf1 64. Qa1+ Kf2 65. b5) 62... Qe4 $19 63. Qc3+ Kf4 64. Qc1+ Kf5 $2 ({Black should play} 64... Qe3 $19 65. Qc4+ Ke5 66. Qc7+ Kd4 67. Qc5+ Kd3 68. Qf5+ Kd2 69. Qd7+ Ke1) 65. Qc8+ $2 {[%mdl 8192]} (65. b5 $11 {and White stays safe.}) 65... Qe6 $2 (65... Kg5 $19 66. Qc1+ Qf4 67. Qg1+ Kh4 68. Qh1+ Kg4 69. Qg1+ Qg3) 66. Qf8+ $2 {[%mdl 8192]} (66. Qc2+ $11 Qe4 67. Qd2) 66... Qf6 67. Qc8+ (67. Qc5+ $142 Qe5 68. Kb6) 67... Kg6 68. Qe8+ Kh6 69. b5 Qa1+ $1 70. Kb6 Qd4+ 71. Ka6 f2 $1 {[%cal Rf2f1]} 72. Qf8+ Kg5 73. Qg8+ Kf5 74. Qh7+ Kf4 75. Qh4+ Ke3 76. Qg3+ Kd2 77. Qg2 Kc3 (77... Qe3 $142 78. Qh2 Qf3 79. b6 Qe2+ 80. Ka7 f1=Q 81. Qxe2+ Qxe2 82. b7 Qe7 $1 {[%mdl 512]} 83. Ka8 Qa3+ 84. Kb8 Qc3 85. Ka8 Qa5+ 86. Kb8 Kd3 87. Kc8 Qc5+ 88. Kd8 Qb6+ 89. Kc8 Qc6+ 90. Kb8 Kd4 91. Ka7 Qc7 $1 {[%mdl 512]} 92. Ka8 Qa5+ 93. Kb8 Kd5 94. Kc8 Qa6 $1 {[%mdl 512]} 95. Kc7 Qc6+ 96. Kb8 Qd7 97. Ka7 Kc6 98. Ka6 Qxb7+ 99. Ka5 Qb5#) 78. Qf3+ {[#]} Kc2 $2 (78... Kb4 $1 $19 79. Qf8+ Kc4 80. Qf7+ Kc3) 79. Qe2+ $11 Kb3 80. Qf3+ $2 {[%mdl 8192]} (80. Qf1 $11) 80... Ka4 81. Qf5 Ka3 $2 (81... Qe3 $19 {Threatens to win with ...Kb3.} 82. Qg4+ Ka3) 82. Qf3+ $2 {[%mdl 8192] [#]} (82. Kb7 $11) 82... Kb2 $2 (82... Kb4 $1 $19 {( -> ...Qa1+)} 83. Qf8+ Kc4 84. Qg8+ Qd5 85. Qg4+ Kc5 86. Qc8+ Kd4) 83. Qe2+ {The position is equal.} Kc1 84. b6 Qd2 85. Qf1+ $1 Qe1 86. Qc4+ Kd1 87. Qd3+ Kc1 88. Qc4+ Kb2 89. b7 Qa1+ (89... f1=Q $5 90. b8=Q+ $8 Ka1 91. Qh8+ Kb1 92. Qh7+ Ka1 93. Qg7+ Kb1 94. Qg6+ Ka1 $11) 90. Kb6 f1=Q {Accuracy: White = 81%, Black = 86%.} 1/2-1/2